Estadísticas para Plantilla FC Barcelona Femení 2023/24

Haz click aquí para intentar la prueba.

Estadísticas generales

  • Esta prueba ha sido intentada 48 veces
  • La puntuación promedio es 16 de 26

Estadísticas de respuestas

DorsalPosiciónJugadora% Correcto
14MEDAitana Bonmatí
97%
11MEDAlexia Putellas
97%
7DELSalma Paralluelo
86%
4DEFMapi León
83%
2DEFIrene Paredes
80%
10DELCaroline Graham Hansen
74%
15DEFLucy Bronze
71%
1PORSandra Paños
71%
13PORCata Coll
69%
6DELClaudia Pina
69%
9DELMariona Caldentey
69%
16DELFridolina Rolfö
66%
23MEDIngrid Engen
66%
22DEFOna Batlle
66%
12MEDPatri Guijarro
63%
5DEFJana Fernández
57%
21MEDKeira Walsh
57%
30DELVicky Lopez
57%
8DEFMarta Torrejón
54%
19DELBruna Vilamala
51%
25PORGemma Font
43%
34 (f)DEFMartina Fernández
40%
24DELEsmee Brugts
37%
26 (f)MEDGiulia Dragoni
31%
32 (f)DELAri Arias
26%
40 (f)DELLucía Corrales
23%

Distribución de puntuación

Porcentaje por número respondido

Porcentaje de gente con cada puntuación

Historial de tus puntuaciones

No has intentado esta prueba.